000 00260nam a22000977a 4500
050 _aTK 275
_b.S2 2011
100 _aA.K SAWHNEY
245 _aA course in electrical and electronic measurements and instrumentation.
300 _axv, 1213 p. ill. 23 cm.
942 _cGEN
999 _c656
_d656